00911 a2200181 45000010006000000050017000060080041000230030015000640400040000790800095001192450047002142500012002612640038002733000019003115050365003300410008006951000026007033258520260407155624.0260407a1969 arg spa dAR-UNSa-BCEJYS aAR-UNSa-BCEJYSbspacAR-UNSa-BCEJYS a330.8xHistoria de las teorías, Doctrinas, Dogmas económicos (pensamiento económico)10aDiez grandes economistaspde Marx a Keynes a2a. ed. 1aMadrid :bAlianza Editorialc1969 a446 p.c18 cm. a1. Karl Marx (1818-1883). La doctrina marxista - 2. Marie Esprit Léon Walras (1834-1910) - 3. Carl Menger - 4. Alfred Marshall (1842-1924) - 5. Vilfredo Pareto (1848-19223) - 6. Eugen von Bohm-Bawerk (1851-1914) - 7. Frank William Taussig (1859-1940) - 8. Irving Fisher (1867-1947) - 9. Wesley Clair Mitchell (1874-1948) - 10. John Maynard Keynes (1883-1946) aspa1 aSchumpeter, Joseph A.